| 000 -ლიდერი |
| ფიქსირებული სიგრძის საკონტროლო ველი |
01421nam a2200289Ia 4500 |
| 001 - საკონტროლო ნომერი |
| საკონტროლო ველი |
2770 |
| 003 - საკონტროლო ნომრის იდენტიფიკატორი |
| საკონტროლო ველი |
GE_BSU |
| 005 - ბოლო ოპერაციის თარიღი და დრო |
| საკონტროლო ველი |
20221228140553.0 |
| 008 - ფიქსირებული სიგრძის მონაცემთა ელემენტები - ზოგადი ინფორმაცია |
| ფიქსირებული სიგრძის საკონტროლო ველი |
181216s2012||||ge |||||||||||||| ||geo|| |
| 020 ## - წიგნის საერთაშორისო სტანდარტული ნომერი |
| International Standard Book Number |
9789941042393 |
| 040 ## - კატალოგიზაციის წყარო |
| Transcribing agency |
GE_BSU |
| 041 ## - ენის კოდი |
| Language code of text/sound track or separate title |
geo |
| 080 ## - უნივერსალური ათობითი კლასიფიკაციის ინდექსი |
| Universal Decimal Classification number |
34(094.1) ბ-50 |
| 100 ## - მთავარი ჩანაწერი - პიროვნების სახელი |
| Personal name |
ბეჟაშვილი, ლევან |
| 9 (RLIN) |
9309 |
| 245 ## - ცნობა სათაურის შესახებ |
| Title |
საკანონმდებლო ტექნიკა : |
| Remainder of title |
სამართალშემოქმედების მეთოდ. სახელმძღვ. / |
| Statement of responsibility, etc |
ლევან ბეჟაშვილი ; [სარედ. ჯგ.: ნატო ზაალიშვილი [და სხვ.]]. |
| 264 ## - წარმოების, გამოცემის, დისტრიბუციის და სხვა ცნობები |
| გამოცემის, წარმოების, დისტრიბუციის... ადგილი |
თბილისი : |
| გამოცემის, წარმოების, დისტრიბუციის... სახელწოდება |
სეზანი, |
| გამოცემის, წარმოების, დისტრიბუციის... თარიღი |
. |
| 300 ## - ფიზიკური აღწერა |
| Extent |
332 გვ.; |
| Other physical details |
24 სმ. |
| 504 ## - BIBLIOGRAPHY, ETC. NOTE |
| Bibliography, etc |
ბიბლიოგრ. ტექსტ. შენიშვნ. |
| 653 ## - INDEX TERM--UNCONTROLLED |
| Uncontrolled term |
საკანონმდებლო ტექნიკა |
| 653 ## - INDEX TERM--UNCONTROLLED |
| Uncontrolled term |
სამართალშემოქმედება |
| 700 ## - ADDED ENTRY--PERSONAL NAME |
| Personal name |
ზაალიშვილი, ნატო |
| Relator term |
რედაქტორი |
| 9 (RLIN) |
16610 |
| 700 ## - ADDED ENTRY--PERSONAL NAME |
| Personal name |
ჩხაიძე, თამარ |
| Relator term |
რედაქტორი |
| 9 (RLIN) |
77 |
| 700 ## - ADDED ENTRY--PERSONAL NAME |
| Personal name |
მელუა, ირენა |
| Relator term |
რედაქტორი |
| 9 (RLIN) |
9311 |
| 700 ## - ADDED ENTRY--PERSONAL NAME |
| Personal name |
ბერიძე, თამარ |
| Relator term |
რედაქტორი |
| 9 (RLIN) |
9312 |
| 942 ## - ADDED ENTRY ELEMENTS (KOHA) |
| Koha item type |
წიგნი |
| Source of classification or shelving scheme |
|